=LDR 00000nam 2200000 4500 =001 000420 =005 20250710034302 =035 ##$$a 0010-0725000282 =007 ta =008 250710################a##########0#ind## =020 ##$$a 978-602-118-874-2 =082 ##$$a 398.209 598 =084 ##$$a 398.209 598 INT k =100 #$$a Intifada, salma =245 1#$$a Kode Rahasia Persahabatan /$c Salma Intifada =250 ##$$a Cetakan Pertama =260 ##$$a Jakarta Timur :$b Badan Pengembangan dan Pembinaan Bahasa,$c 2024 =300 ##$$a 36 hlm. : $b Ilus. ; $c 29,7 cm =650 #4$$a Cerita Anak - Indonesia =650 #4$$a Cerita Bergambar =856 ##$$a TBM As-suhada =990 ##$$a TBM01450145